The noble scholar, jurist, historian


 His Excellency Dr. Abdul Wahhab bin Ibrahim Abu Sulaiman, may Allah have mercy on him.


 He was born in Umm Al-Qura in the year 1356 AH.

ترجمة أوري روبين لمعاني القرآن الكريم بالعبرية / (Record no. 12850)

MARC details
000 -LEADER
fixed length control field 01379caa a22002891ib4500
003 - CONTROL NUMBER IDENTIFIER
control field SA-RiAUC
005 - DATE AND TIME OF LATEST TRANSACTION
control field 20251030135951.0
008 - FIXED-LENGTH DATA ELEMENTS--GENERAL INFORMATION
fixed length control field 251027s2006 su g f000 0 ara c
040 ## - CATALOGING SOURCE
Original cataloging agency SA-JeALM
Language of cataloging ara
Transcribing agency SA-RiAUC
Description conventions rda
041 1# - LANGUAGE CODE
Language code of text/sound track or separate title ara
-- heb
082 04 - DEWEY DECIMAL CLASSIFICATION NUMBER
Classification number 221.4924
Assigning agency SA-RiAUC
090 ## - LOCALLY ASSIGNED LC-TYPE CALL NUMBER (OCLC); LOCAL CALL NUMBER (RLIN)
Classification number (OCLC) (R) ; Classification number, CALL (RLIN) (NR) 221.4924
Local cutter number (OCLC) ; Book number/undivided call number, CALL (RLIN) ر و ب
100 1# - MAIN ENTRY--PERSONAL NAME
Personal name روبن، أوري،
Dates associated with a name 1944-
Relator term مؤلف.
245 10 - TITLE STATEMENT
Title ترجمة أوري روبين لمعاني القرآن الكريم بالعبرية /
Statement of responsibility, etc. عرض وتقويم محمد محمود أبو غدير.
264 ## - PRODUCTION, PUBLICATION, DISTRIBUTION, MANUFACTURE, AND COPYRIGHT NOTICE
Place of production, publication, distribution, manufacture المدينة المنورة :
Name of producer, publisher, distributor, manufacturer وزارة الشؤون الإسلامية،
Date of production, publication, distribution, manufacture, or copyright notice 2006
300 ## - PHYSICAL DESCRIPTION
Extent 42 صفحة؛
Dimensions 22 سم.
336 ## - CONTENT TYPE
Content type term نص
Content type code txt
Source rdacontent
Materials specified كتاب
337 ## - MEDIA TYPE
Media type term بدون وسيط
Media type code n
Source rdamedia
338 ## - CARRIER TYPE
Carrier type term مجلد
Carrier type code nc
Source rdacarrier
580 ## - LINKING ENTRY COMPLEXITY NOTE
Linking entry complexity note في : ندوة القرآن الكريم في الدراسات الاستشراقية. -المدينة المنورة : وزارة الشؤون الإسلامية، 2006.
630 27 - SUBJECT ADDED ENTRY--UNIFORM TITLE
Uniform title القرآن
General subdivision ترجمة
-- العبرية
Source of heading or term aucsh
700 1# - ADDED ENTRY--PERSONAL NAME
Personal name أبو غدير، محمد محمود محمد
Relator term مقدم.
711 2# - ADDED ENTRY--MEETING NAME
Meeting name or jurisdiction name as entry element ندوة القرآن الكريم في الدراسات الاستشراقية
Date of meeting or treaty signing ( 1427 هجري :
Location of meeting المدينة المنورة)
730 22 - ADDED ENTRY--UNIFORM TITLE
Uniform title القرآن
942 ## - ADDED ENTRY ELEMENTS (KOHA)
Source of classification or shelving scheme Dewey Decimal Classification
Koha item type Books
Suppress in OPAC No
949 ## - LOCAL PROCESSING INFORMATION (OCLC)
a SA-JeALM
d 251027
u mohamedma123
n 1
Holdings
Withdrawn status Lost status Source of classification or shelving scheme Damaged status Not for loan Home library Current library Date acquired Total checkouts Full call number Barcode Date last seen Price effective from Koha item type
    Dewey Decimal Classification     DR AbdElwahab Library DR AbdElwahab Library 10/30/2025   221.4924 ر و ب 000020648 10/30/2025 10/30/2025 Books